000 00573nam a2200193Ia 4500
005 20250508155614.0
008 008 250505s9999 xx 000 0 eng d
037 _aDissertations
040 _aFEDL
_beng
_cFEDL
041 _aeng
_2eng
084 _a371.425, SRI/DI
_qFEDL
100 _aSrivastava Krishna Nand
_9767166
245 0 _aVocational preferences at different levels of intelligence
260 _c1967
300 _a175p.
546 _aM. Ed. Dissertation (Agra University)
942 _cDIS
_h371.425, SRI/DI
999 _c1358173
_d1358173